Responses for show #1710 - Friday, January 24, 1992

Dave Willis game 1.

Contestants

[<< previous game]

Bill Davis, a sales representative from El Cajon, California

Dave Willis, a manager from Ventura, California

Joseph D'Hippolito, a freelance writer from Fullerton, California (whose 3-day cash winnings total $34,000)

Jeopardy! Round responses

PARIS
NURSERY RHYMES
ADS & COMMERCIALS
INSECTS
ACTORS & ACTRESSES
HOMOPHONES
    $100 3
Metro

Bill
    $100 25
(Bill: What are girls?)
(Alex: Be more specific.)

little girls

Bill
    $100 1
Pillsbury Doughboy (Poppin' Fresh)

Joseph
    $100 20
flags

Dave
    $100 6
Shelley Winters

Bill
    $100 9
yoke/yolk

Dave
    $200 10
(Bill: What is Le Bourget?)
...
(Alex: Le Bourget is not an international airport.)

(1 of) Charles de Gaulle ( or Orly)

DaveBill
    $200 26
Cock Robin

Dave
    $200 2
Delta

Dave
    $200 21
termites

Dave
    $200 7
agent

Joseph
    $200 15
need/knead

Joseph
    $300 11
Champs-Élysées

Bill
    $300 28
silver buckles

Triple Stumper
    $300 4
salad dressing

Joseph
    $300 22
(Dave: What is a caterpillar?)
(Bill: What is a centipede?)

millipede

DaveBill
Triple Stumper
    $300 13
Sharon Gless

Bill
    $300 16
shoe/shoo

Triple Stumper
    $400 12
Arc de Triomphe

Bill
    $400 29
Sukey

Triple Stumper
    $400 5
Cougar

Bill
    $400 23
butterfly

Joseph
    $400 14
Michael J. Fox

Joseph
    $400 17
waste/waist

Triple Stumper
    $500 19
Île de la Cité

Dave
    $500 30
Little Polly Flinders

Triple Stumper
    $500 8
(Dave: What is Campbell's Soup?)
(Joseph: What is Comet cleanser?)

Great American Soup

JosephDave
Triple Stumper
    $500 24
silverfish

Triple Stumper
    $500 27
[Alex read "Van" as "Von."](Alex: Eddie Van Halen is the father, not Von Halen.)
[Laughter.]

Valerie Bertinelli

Bill
    $500 18
faro/pharaoh

Dave

Scores at the first commercial break (after clue 12):

Joseph Dave Bill
$100 $0 $1,100

Scores at the end of the Jeopardy! Round:

Joseph Dave Bill
$1,100 $1,200 $1,700

Double Jeopardy! Round responses

MOUNTAINS
GOVERNMENT & POLITICS
BEST SELLERS
FAMOUS WOMEN
WORLD CITIES
COMPOSERS
    $200 13
Andes

Joseph
    $200 12
(Bill: What is uh, [*]?)
(Alex: It's called [**].)
(Bill: Thank you.)
[Laughter.]

having extra wives* (polygamy**)

Bill
    $200 6
dinosaurs

Joseph
    $200 18
Annie Oakley

Joseph
    $200 1
the Hague

Bill
    $200 7
Johann Strauss

Joseph
    $400 20
(Joseph: What are the Adirondacks?)

Appalachians

JosephDave
    $400 14
John Glenn

Bill
    $400 17
The Doors

Bill
    $400 24
Billie Holiday

Bill
    $400 2
Troy

Dave
    $400 8
(Johan Sebastian) Bach

Joseph
    $600 21
Urals

Joseph
    $600 15
give 18-year-olds the right to vote

Joseph
    $600 29
(Joseph: Who are the Corleones?)

Kennedys

JosephBill
    $600 25
Nadia Comaneci

Joseph
    $600 3
Zurich

Dave
    $600 9
Salieri

Joseph
    $800 22
Czechoslovakia

Dave
    $800 16
Education

Bill
    $1,000 28
The Accidental Tourist

Joseph
    $800 26
Helen Keller

Joseph
    $800 4
Yokohama

Joseph
    $800 10
Edvard Grieg

Joseph
    $1000 23
Mt. Kenya

Bill
    $1000 19
Secretary of Housing & Urban Development

Dave
    $1000 30
Oliver's Story

Triple Stumper
    $1,300 27
Anna Pavlova

Joseph
    $1000 5
Ghent

Dave
    $1000 11
George Frideric Handel

Triple Stumper

Scores at the end of the Double Jeopardy! Round:

Joseph Dave Bill
$8,400 $5,400 $5,700

[wagering suggestions for these scores]

Final Jeopardy! Round responses

THE BIBLE
DaveWho is Joseph
$5,400
BillWho is Jacob?
$5,700
JosephWho was Moses?
$7,600
Joseph

Final scores:

Joseph Dave Bill
$800 $10,800 $0
2nd place: stay at Oasis Water Resort Villa Hotel in Palm Springs & Outdoor products New champion: $10,800 3rd place: Laguna sportswear & NES with Super Jeopardy! & Wheel of Fortune + InfoGenius Pak for Game Boy

Game dynamics:

Coryat scores:

Joseph Dave Bill
$7,900 $5,400 $5,700
20 R
(including 2 DDs),
3 W
14 R,
2 W
16 R
(including 1 DD),
2 W

Combined Coryat: $19,000

The J! Archive is created by fans, for fans. The Jeopardy! game show and all elements thereof, including but not limited to copyright and trademark thereto, are the property of Jeopardy Productions, Inc. and are protected under law. This website is not affiliated with, sponsored by, or operated by Jeopardy Productions, Inc. Join the discussion at JBoard.tv.